• 首页
  • 本馆介绍
  • 公告通知
  • 最新文献
  • 馆藏检索
  • 电子资源
  • 读者导购
  • 参考咨询
  • 我的图书馆
  • 登录
  • 详细信息显示
  • 放入我的书架
  • 预约/预借图书
  • 作者相关作品
  • 分类相关作品
  • 丛书相关作品
  • 出版社相关作品

书目信息

  • 表格格式
  • 工作单格式
  • 卡片格式
题名:
矩阵在测量平差中的应用
    
 
作者: 陶本藻 , 崔希璋 编著
分册:  
出版信息: 北京   测绘出版社  1980
页数: 185页
开本: 19cm
丛书名:
单 册:
中图分类: P207
科图分类:
主题词: 测量平差--计算
电子资源:
ISBN:
000 00697nam0 2200241 45
001 0180005206
005 20060731144608.56
010    @dCNY0.50
091    @a15039.新125
100    @a19950703d1980 em y0chiy0121 ea
101 0  @achi
102    @aCN@b110000
105    @ay z 000yy
200 10 @a矩阵在测量平差中的应用@Aju zhen zai ce liang ping cha zhong de ying yong@f崔希璋,陶本藻编著@FCui Xi Zhang,Tao Ben Zao Bian Zhu
210    @a北京@c测绘出版社@d1980
215    @a185页@d19cm
606    @a测量平差@x计算
690    @aP207@v3
701  0 @a陶本藻@4编著
701  0 @a崔希璋@4编著
801  2 @aCN@bNLC@c20060731
801  0 @aCN@b上海图书馆@c20040520
905    @dP207@e24@f1@b160047
    
    矩阵在测量平差中的应用/崔希璋,陶本藻编著.-北京:测绘出版社,1980
    185页;19cm
    
    
    ISBN :CNY0.50
    
●
相关链接 在E读中查询图书 在五车中查询图书 在当当中查询图书 在豆瓣中查询图书


正题名:矩阵在测量平差中的应用     索取号:P207/24         预约/预借

序号 登录号 条形码 馆藏地/架位号 状态 备注
1 0122997   000625559   第三借阅区/ [索取号:P207/24] 在馆    
2 0122998   202105854   第二样本阅览室/ [索取号:P207/24] 在馆    
3 0160045   000625586   第三借阅区/ [索取号:P207/24] 在馆    
4 0160046   000625577   第三借阅区/ [索取号:P207/24] 在馆    
5 0160047   000625568   第三借阅区/ [索取号:P207/24] 在馆    
6 0439149   204391498   密集书库/ [索取号:P207/24] 在馆    
7 0439150   204391504   密集书库/ [索取号:P207/24] 在馆    
8 0439151   204391513   密集书库/ [索取号:P207/24] 在馆    
唐山师范学院图书馆 欢迎您!
大连网信软件有限公司© 版权所有